| 000 -ლიდერი |
| ფიქსირებული სიგრძის საკონტროლო ველი |
01086nam a22002057a 4500 |
| 003 - საკონტროლო ნომრის იდენტიფიკატორი |
| საკონტროლო ველი |
Ge_BSU |
| 005 - ბოლო ოპერაციის თარიღი და დრო |
| საკონტროლო ველი |
20230703122109.0 |
| 008 - ფიქსირებული სიგრძის მონაცემთა ელემენტები - ზოგადი ინფორმაცია |
| ფიქსირებული სიგრძის საკონტროლო ველი |
230703s1997ge xxu||||| |||| 00| 0 geo d |
| 041 ## - ენის კოდი |
| Language code of text/sound track or separate title |
geo |
| 080 ## - უნივერსალური ათობითი კლასიფიკაციის ინდექსი |
| Universal Decimal Classification number |
902.2(479.222.1) ბ-91 |
| 100 ## - მთავარი ჩანაწერი - პიროვნების სახელი |
| Personal name |
ბრაგვაძე, ზურაბ. (ავტორი). |
| 9 (RLIN) |
12746 |
| 245 ## - ცნობა სათაურის შესახებ |
| Title |
ჩხარის სამაროვანი / |
| Statement of responsibility, etc |
ზურაბ ბრაგვაძე, რედ. გიორგი მახარაძე |
| 264 ## - წარმოების, გამოცემის, დისტრიბუციის და სხვა ცნობები |
| გამოცემის, წარმოების, დისტრიბუციის... ადგილი |
თბილისი : |
| გამოცემის, წარმოების, დისტრიბუციის... სახელწოდება |
ტრიადა, |
| გამოცემის, წარმოების, დისტრიბუციის... თარიღი |
1997. |
| 300 ## - ფიზიკური აღწერა |
| Extent |
57 გვ.; |
| Other physical details |
20 სმ. |
| Accompanying material |
XXVI ტაბ. |
| 653 ## - INDEX TERM--UNCONTROLLED |
| Uncontrolled term |
არქეოლოგიური გათხრები იმერეთში |
| 653 ## - INDEX TERM--UNCONTROLLED |
| Uncontrolled term |
სამარხები საქართველოში. |
| 700 ## - ADDED ENTRY--PERSONAL NAME |
| Personal name |
მახარაძე, გიორგი |
| Relator term |
რედაქტორი |
| 9 (RLIN) |
19140 |
| 710 ## - ADDED ENTRY--CORPORATE NAME |
| Corporate name or jurisdiction name as entry element |
საქართველოს აკად. შ. ამირანაშვილის სახ. ხელოვნების მუზეუმი. |
| 9 (RLIN) |
19141 |
| 942 ## - ADDED ENTRY ELEMENTS (KOHA) |
| Source of classification or shelving scheme |
|
| Koha item type |
წიგნი |